[Event "24th ch-EUR Indiv 2024"]
[Site "Petrovac MNE"]
[Date "2024.11.09"]
[Round "2.1"]
[White "Fedoseev, Vladimir3"]
[Black "Ioannidis, Evgenios"]
[Result "1-0"]
[WhiteTitle "GM"]
[BlackTitle "GM"]
[WhiteElo "2712"]
[BlackElo "2497"]
[WhiteFideId "24130737"]
[BlackFideId "4229274"]
[EventDate "2024.11.08"]

1. d4 Nf6 2. c4 e6 3. Nc3 Bb4 4. Qc2 d5 5. a3 Bxc3+ 6. Qxc3 O-O 7. Nf3 dxc4 8.
Qxc4 b6 9. h4 Ba6 10. Qa4 Qd7 11. Qxd7 Nbxd7 12. Ne5 c5 13. Nxd7 Nxd7 14. Be3
Rac8 15. Rd1 Rfd8 16. Rh3 cxd4 17. Bxd4 e5 18. Bc3 f6 19. Bb4 Bb5 20. g4 a5 21.
Bd2 Nc5 22. Bg2 Rd4 23. Be3 Rxg4 24. Rg3 Rxh4 25. Rd6 Ne4 26. Rxb6 Be8 27. Rh3
Rg4 28. Rh2 Ng5 29. Bd5+ Bf7 30. f3 Ra4 31. Bxf7+ Nxf7 32. Rg2 f5 33. Bd2 g6 34.
Rh2 e4 35. f4 Rac4 36. Rh3 a4 37. Rc3 Rxc3 38. Bxc3 g5 39. fxg5 Nxg5 40. Rb7 Ne6
41. Rb5 Nc5 42. Bb4 Nb3 43. Rxf5 Rc2 44. Rf8+ Kg7 45. Re8 Rxb2 46. Rxe4 Kg6 47.
Rg4+ Kf5 48. Rh4 Kg6 49. Kd1 Ra2 50. e3 h5 51. Rf4 Na1 52. Bc5 Nb3 53. Be7 Rd2+
54. Ke1 Rd7 55. Bh4 Rd3 56. Kf2 Na1 57. Rxa4 Nc2 58. Ra6+ Kh7 59. Bg5 Rxa3 60.
Rd6 h4 61. Rh6+ Kg7 62. Rxh4 Kg6 63. Bf4 Ra2 64. Kg3 Kf5 65. Rh5+ Ke4 66. Re5+
Kd3 67. Rd5+ Ke4 68. Rd8 Nxe3 69. Re8+ Kf5 70. Re5+ Kf6 71. Rxe3 Kf5 72. Re5+
Kf6 73. Kf3 Ra3+ 74. Kg4 Ra4 75. Rd5 Ra6 76. Rh5 Ra2 77. Rh6+ Ke7 78. Kf5 Kd7
79. Rd6+ Ke7 80. Rd5 Re2 81. Bg5+ Ke8 82. Kg6 Kf8 83. Rd6 Re1 84. Rd8+ Re8 85.
Rd7 Re1 86. Bf6 Re2 87. Rh7 Ke8 88. Kf5 Re1 89. Be5 Kd8 90. Ke6 Kc8 91. Rc7+ Kd8
92. Rc3 Re2 93. Rh3 1-0

[Event "24th ch-EUR Indiv 2024"]
[Site "Petrovac MNE"]
[Date "2024.11.09"]
[Round "2.2"]
[White "Tarhan, Adar"]
[Black "Deac, Bogdan-Daniel"]
[Result "0-1"]
[WhiteTitle "IM"]
[BlackTitle "GM"]
[WhiteElo "2492"]
[BlackElo "2687"]
[WhiteFideId "34544712"]
[BlackFideId "1226380"]
[EventDate "2024.11.08"]

1. Nf3 d5 2. g3 Nf6 3. Bg2 e6 4. O-O Be7 5. d4 O-O 6. c4 a5 7. Nc3 c6 8. Ne5
Nfd7 9. Nxd7 Nxd7 10. Qd3 f5 11. Bf4 Kh8 12. Rac1 Bf6 13. Rfd1 Qe7 14. cxd5 exd5
15. Na4 Re8 16. e3 g6 17. h4 Kg7 18. Qc2 Qe6 19. Rd3 Be7 20. Bc7 h6 21. a3 g5
22. hxg5 hxg5 23. Rdd1 Rh8 24. Re1 Qh6 25. f3 Bd6 26. Bxd6 Qxd6 27. Kf2 f4 28.
exf4 gxf4 29. g4 Qf6 30. Qd2 Nf8 31. Nb6 Rb8 32. Re8 Ng6 33. Rxh8 Kxh8 34. Rh1+
Kg7 35. Nxc8 Rxc8 36. Rh5 Rh8 37. Rxh8 Nxh8 38. g5 Qxg5 39. Qxa5 Qe7 40. Qe1 Qf6
41. Qb4 Nf7 42. Bf1 Nd6 43. Ke1 Kf7 44. Kd1 Ke8 45. Kc1 Kd7 46. Bh3+ Kc7 47. a4
Qh4 48. Bg4 Nc4 49. Kb1 Qh8 50. Qc3 Qh1+ 51. Ka2 Kb8 52. Qc2 Qe1 53. Bf5 Qb4 54.
Bd3 Ne3 55. Qb3 Qxd4 56. Ba6 b6 57. Qa3 Qc5 58. Qb3 Ka7 59. Bd3 Kb7 60. Kb1 Kc7
61. Be2 Kb8 62. Bd3 Qd4 63. Ka2 Kb7 64. Qa3 c5 65. a5 Nc4 66. Qb3 Nxa5 67. Qb5
Nc6 68. Ka1 c4 69. Bc2 Qc5 0-1

[Event "24th ch-EUR Indiv 2024"]
[Site "Petrovac MNE"]
[Date "2024.11.09"]
[Round "2.3"]
[White "Navara, David"]
[Black "Samadov, Read"]
[Result "1/2-1/2"]
[WhiteTitle "GM"]
[BlackTitle "IM"]
[WhiteElo "2674"]
[BlackElo "2490"]
[WhiteFideId "309095"]
[BlackFideId "13417444"]
[EventDate "2024.11.08"]

1. d4 d5 2. c4 c6 3. Nc3 Nf6 4. e3 Bf5 5. Nf3 e6 6. Nh4 Be4 7. f3 Bg6 8. Qb3 Qc7
9. Bd2 Be7 10. Nxg6 hxg6 11. cxd5 cxd5 12. O-O-O Nc6 13. Kb1 a6 14. Rc1 Nd7 15.
Bd3 Rc8 16. Ne2 b5 17. a4 bxa4 18. Qxa4 Nb6 19. Qxa6 Ra8 20. Qb5 Kd7 21. Rc3
Rhc8 22. Rhc1 Qa7 23. Kc2 Na4 24. Ra1 Nxc3 25. Rxa7+ Rxa7 26. bxc3 Rb8 27. Qxb8
Nxb8 28. c4 Ra2+ 29. Kd1 Ra1+ 30. Kc2 Ra2+ 31. Kd1 Ra3 32. Kc2 dxc4 33. Bxc4 Nc6
34. d5 Nb4+ 35. Bxb4 Bxb4 36. dxe6+ fxe6 37. Bb3 Bc5 38. Nf4 Bxe3 39. Nxg6 Kd6
40. f4 Ra1 41. Kd3 Bg1 42. h4 Re1 43. g4 Re3+ 44. Kc2 Rg3 45. g5 Bd4 46. Ba2 Be3
47. Bc4 Rf3 48. Kd3 Bxf4+ 49. Ke4 Rc3 50. Bxe6 Bxg5 51. hxg5 Kxe6 52. Nf4+ Kf7
53. g6+ Kg8 54. Ne6 Rg3 55. Kf5 Rg1 56. Ng5 Rf1+ 57. Kg4 Rf6 58. Kh5 Rf5 59. Kg4
Ra5 60. Nh7 Re5 61. Kf4 Re1 62. Kf5 Rf1+ 63. Kg4 Rg1+ 64. Kf5 Rg2 65. Ng5 Re2
66. Nh7 Rg2 67. Ng5 Rf2+ 68. Kg4 Rf6 69. Kh5 Ra6 70. Nh7 Ra4 71. Kg5 Ra1 72. Kg4
Ra5 73. Kf4 Rh5 74. Kg4 Rh1 75. Kf4 Rg1 76. Kf5 Rg3 77. Ng5 Kf8 78. Ne6+ Kg8 79.
Ng5 1/2-1/2

[Event "24th ch-EUR Indiv 2024"]
[Site "Petrovac MNE"]
[Date "2024.11.09"]
[Round "2.4"]
[White "Gokerkan, Cem Kaan"]
[Black "Saric, Ivan"]
[Result "0-1"]
[WhiteTitle "GM"]
[BlackTitle "GM"]
[WhiteElo "2490"]
[BlackElo "2668"]
[WhiteFideId "6336760"]
[BlackFideId "14508150"]
[EventDate "2024.11.08"]

1. e4 c5 2. Nf3 Nc6 3. Bb5 g6 4. O-O Bg7 5. c3 Nf6 6. Re1 O-O 7. d4 d5 8. e5 Ne4
9. Bxc6 bxc6 10. Be3 Rb8 11. Qc1 cxd4 12. cxd4 f6 13. Nc3 Bf5 14. exf6 exf6 15.
Nd2 Qd7 16. b3 g5 17. Na4 Bg6 18. f3 Nd6 19. Nc5 Qf7 20. Bf2 Rfe8 21. a4 Rxe1+
22. Qxe1 Re8 23. Qf1 f5 24. Nd3 f4 25. Ne5 Bxe5 26. dxe5 Rxe5 27. Qa6 Qb7 28.
Qxb7 Nxb7 29. b4 Re2 30. Nb3 Rb2 31. Nd4 Nd8 32. b5 c5 33. Nc6 Nxc6 34. bxc6 d4
35. c7 Bf5 36. Rc1 Bc8 37. h4 Kf7 38. Rxc5 d3 39. Rd5 d2 40. Kh2 g4 41. fxg4 Rc2
42. Rd4 Bxg4 43. c8=Q Bxc8 44. Rxf4+ Bf5 45. Rd4 0-1

[Event "24th ch-EUR Indiv 2024"]
[Site "Petrovac MNE"]
[Date "2024.11.09"]
[Round "2.5"]
[White "Vitiugov, Nikita"]
[Black "Stefansson, Hannes"]
[Result "1-0"]
[WhiteTitle "GM"]
[BlackTitle "GM"]
[WhiteElo "2668"]
[BlackElo "2485"]
[WhiteFideId "4152956"]
[BlackFideId "2300087"]
[EventDate "2024.11.08"]

1. e4 e5 2. Nf3 Nc6 3. Bb5 a6 4. Ba4 Nf6 5. d3 b5 6. Bb3 Bc5 7. c3 d6 8. Bg5 h6
9. Bh4 g5 10. Bg3 O-O 11. a4 Rb8 12. O-O Bb6 13. Nbd2 Ne7 14. axb5 axb5 15. d4
Ng6 16. dxe5 Nh5 17. exd6 Nxg3 18. dxc7 Qxc7 19. hxg3 Qxg3 20. Nd4 Qh4 21. Re1
Bg4 22. Qc2 Nf4 23. e5 Bh5 24. Ne4 Bg6 25. g3 Qh3 26. gxf4 gxf4 27. f3 Bxe4 28.
Qxe4 Kh8 29. Qxf4 Rg8+ 30. Kf2 Bd8 31. Rg1 Bg5 32. Rxg5 1-0

[Event "24th ch-EUR Indiv 2024"]
[Site "Petrovac MNE"]
[Date "2024.11.09"]
[Round "2.6"]
[White "Bjerre, Jonas Buhl"]
[Black "Zwirs, Nico"]
[Result "1-0"]
[WhiteTitle "GM"]
[BlackTitle "IM"]
[WhiteElo "2654"]
[BlackElo "2480"]
[WhiteFideId "1444948"]
[BlackFideId "1036432"]
[EventDate "2024.11.08"]

1. e4 e5 2. Nf3 Nc6 3. Bb5 a6 4. Ba4 Nf6 5. O-O Be7 6. d3 b5 7. Bb3 d6 8. c3 O-O
9. h3 Bb7 10. a4 Na5 11. Bc2 c5 12. Nbd2 Qc7 13. Re1 Nc6 14. Nf1 Rfe8 15. Bg5 h6
16. Bh4 Nb8 17. axb5 axb5 18. Rxa8 Bxa8 19. Ne3 Nbd7 20. Nh2 d5 21. Qf3 dxe4 22.
dxe4 Bf8 23. Ra1 Bc6 24. Nf5 Re6 25. Ng4 Nxg4 26. hxg4 Qb7 27. Rd1 c4 28. b4 g6
29. Ne3 Be7 30. Bxe7 Rxe7 31. Qh3 Kg7 32. Rd6 Re6 33. Rxe6 fxe6 34. g5 hxg5 35.
Qxe6 Nf6 36. Qxe5 Bxe4 37. Ng4 Bxc2 38. Qxf6+ Kh7 39. Qxg5 Qf7 40. Qxb5 Bf5 41.
Ne3 Bd3 42. Qe5 Qa7 43. b5 Qa2 44. Qe7+ Kh8 45. Qf8+ Kh7 46. Ng4 g5 47. Qf7+ Kh8
48. Nf6 1-0

[Event "24th ch-EUR Indiv 2024"]
[Site "Petrovac MNE"]
[Date "2024.11.09"]
[Round "2.7"]
[White "Girel, Joseph"]
[Black "Bluebaum, Matthias"]
[Result "0-1"]
[WhiteTitle "GM"]
[BlackTitle "GM"]
[WhiteElo "2486"]
[BlackElo "2654"]
[WhiteFideId "36033561"]
[BlackFideId "24651516"]
[EventDate "2024.11.08"]

1. d4 Nf6 2. c4 e6 3. Nf3 d5 4. g3 Bb4+ 5. Bd2 Bd6 6. Bg2 O-O 7. Nc3 Nc6 8. b3
dxc4 9. bxc4 e5 10. Nxe5 Nxe5 11. c5 Bxc5 12. dxc5 Qe7 13. O-O Qxc5 14. Rc1 Qe7
15. Bg5 c6 16. Ne4 Rd8 17. Qb3 Be6 18. Bxf6 gxf6 19. Qe3 Bd5 20. Nc5 Bxg2 21.
Kxg2 b6 22. Nd3 c5 23. Nf4 Ng6 24. Nh5 Qxe3 25. Nxf6+ Kh8 26. fxe3 Rd2 27. Rf2
Ne5 28. Kg1 Rad8 29. Rf5 Rd1+ 30. Rxd1 Rxd1+ 31. Kf2 Nd7 32. Ne4 Kg7 33. Rg5+
Kf8 34. Rh5 Ra1 35. Rxh7 Rxa2 36. h4 Kg8 37. Rh5 Ra4 38. Kf3 f6 39. Rd5 Ne5+ 40.
Kf4 Ng6+ 41. Kf3 Kf7 42. h5 Ne5+ 43. Kf4 Ng4 44. Kf3 Ke6 45. Rd2 Ne5+ 46. Kf4
Nf7 47. Kf3 Rc4 48. Nd6 Ne5+ 49. Kg2 Rg4 50. Nc8 Nc4 51. Rd8 Rg7 52. Re8+ Kd7
53. Rh8 Kc6 54. h6 Rd7 55. Rf8 Kb7 56. Re8 Rh7 57. Re7+ Rxe7 58. Nxe7 Ne5 59. h7
Nf7 60. Kf2 a5 61. Ke1 a4 62. Kd2 b5 63. e4 b4 64. e5 fxe5 65. g4 a3 66. Kc2 c4
67. Nd5 b3+ 68. Kc3 a2 69. Kb2 Kc6 70. e4 Kc5 71. g5 Nh8 72. Nc3 Kd4 73. Nb5+
Kd3 74. Ka1 c3 75. Nxc3 Kxc3 76. g6 Kc2 0-1

[Event "24th ch-EUR Indiv 2024"]
[Site "Petrovac MNE"]
[Date "2024.11.09"]
[Round "2.8"]
[White "Svane, Frederik"]
[Black "Kucuksari, Kaan"]
[Result "1-0"]
[WhiteTitle "GM"]
[BlackTitle "IM"]
[WhiteElo "2654"]
[BlackElo "2473"]
[WhiteFideId "12923044"]
[BlackFideId "6380166"]
[EventDate "2024.11.08"]

1. e4 c5 2. Nf3 e6 3. d4 cxd4 4. Nxd4 a6 5. Be3 Nf6 6. Bd3 e5 7. Nb3 d5 8. exd5
Nxd5 9. O-O Nxe3 10. fxe3 Nd7 11. Bc4 f6 12. Nc3 Qc7 13. Be6 Nb6 14. Qh5+ g6 15.
Qh3 Be7 16. Rad1 Qc6 17. Bxc8 Qxc8 18. Qh6 Qe6 19. Ne4 Nd7 20. Nc3 Nb6 21. e4
Rc8 22. Kh1 Bf8 23. Qd2 Bb4 24. Qh6 Bf8 25. Qe3 Be7 26. Na5 Rc7 27. Nd5 Nxd5 28.
exd5 Qd6 29. Qb3 b5 30. a4 O-O 31. Nc6 Rb7 32. c4 Kg7 33. Rc1 Qd7 34. axb5 Bc5
35. Qf3 Qd6 36. b4 Bxb4 37. bxa6 Rc7 38. Rb1 Bc5 39. Rb7 Rff7 40. Rfb1 h5 41.
Rxc7 Rxc7 42. Rb7 Qd7 43. Qb3 Kh6 44. Rxc7 Qxc7 45. Qb7 Qd6 46. a7 Bxa7 47. Qxa7
h4 48. Qe7 1-0

[Event "24th ch-EUR Indiv 2024"]
[Site "Petrovac MNE"]
[Date "2024.11.09"]
[Round "2.9"]
[White "Ponomariov, Ruslan"]
[Black "Kjartansson, Gudmundur"]
[Result "1/2-1/2"]
[WhiteTitle "GM"]
[BlackTitle "GM"]
[WhiteElo "2653"]
[BlackElo "2470"]
[WhiteFideId "14103320"]
[BlackFideId "2301318"]
[EventDate "2024.11.08"]

1. e4 e5 2. Nf3 Nc6 3. Bb5 Nf6 4. d3 Bc5 5. Nbd2 d6 6. c3 O-O 7. h3 Ne7 8. d4
exd4 9. cxd4 Bb6 10. O-O d5 11. e5 Ne4 12. a4 Bf5 13. Nb3 a6 14. Bd3 Nc6 15. a5
Ba7 16. Bf4 Qe7 17. Re1 Qb4 18. Bc2 Bg6 19. Be3 h6 20. Re2 Rad8 21. Ne1 Bh5 22.
g4 Bg6 23. Kg2 f5 24. exf6 Rxf6 25. f3 Ng5 26. Bxg6 Rxg6 27. Nd3 Qb5 28. Bxg5
hxg5 29. Rc1 Nxd4 30. Nxd4 Bxd4 31. Rxc7 Rc6 32. Rxc6 bxc6 33. f4 gxf4 34. Nxf4
Bxb2 35. Qc2 Bf6 36. Qf5 d4 37. Qg6 Qg5 38. Re8+ Rxe8 39. Qxe8+ Kh7 40. Qe4+ g6
41. Kf3 Be5 42. Nxg6 Qxg6 43. Qxe5 Qd3+ 44. Kf4 Qd2+ 45. Kg3 d3 46. g5 Qc1 47.
Qe7+ Kg8 48. Qe6+ Kg7 49. Qh6+ Kg8 50. Qe6+ 1/2-1/2

[Event "24th ch-EUR Indiv 2024"]
[Site "Petrovac MNE"]
[Date "2024.11.09"]
[Round "2.10"]
[White "Rozen, Eytan"]
[Black "Warmerdam, Max"]
[Result "1/2-1/2"]
[WhiteTitle "IM"]
[BlackTitle "GM"]
[WhiteElo "2482"]
[BlackElo "2653"]
[WhiteFideId "2816750"]
[BlackFideId "1048104"]
[EventDate "2024.11.08"]

1. e4 d6 2. d4 g6 3. Nc3 Bg7 4. Bg5 c6 5. Qd2 Nf6 6. Bh6 Bxh6 7. Qxh6 e5 8.
O-O-O Qe7 9. h3 Nbd7 10. g4 b5 11. Qe3 O-O 12. Bg2 Re8 13. Nge2 b4 14. Nb1 Nb6
15. Ng3 c5 16. d5 c4 17. g5 Nfd7 18. h4 c3 19. bxc3 a5 20. Bf1 Ba6 21. Bxa6 Rxa6
22. Qe2 Ra7 23. Kd2 Na4 24. Ke1 Rc8 25. Rd3 bxc3 26. Kf1 Rb7 27. Kg2 Rb2 28. a3
Qd8 29. Qg4 Rxc2 30. h5 Nf8 31. hxg6 fxg6 32. Qd1 Rb2 33. Qxa4 Qb6 34. Rf3 Rxb1
35. Rxb1 Qxb1 36. Qxa5 Qc1 37. Qa7 Qxg5 38. Qf7+ Kh8 39. Rxc3 Qd8 40. Rxc8 Qxc8
41. Qf6+ Kg8 42. Qxd6 h5 43. Qf6 Qe8 44. a4 Qxa4 45. Qxe5 Qd7 46. Qf6 Qg4 47. f3
Qc8 48. Nh1 Qe8 49. Nf2 Nh7 50. Qc6 Qf7 51. d6 Qe6 52. e5 Nf8 53. Ne4 Qa2+ 54.
Kh3 Qe6+ 55. Kg2 Qa2+ 56. Nf2 Qe6 57. Qe4 Nd7 58. Nd3 Qa2+ 59. Kh3 Qe6+ 60. Kg2
Qa2+ 61. Kg3 Qe6 62. Qa8+ Kg7 63. Qd8 Qf5 64. Qe7+ Kh6 65. e6 Ne5 66. Ne1 Nc4
67. d7 Qe5+ 68. Kh3 Qxe1 69. Qf8+ Kh7 70. Qf7+ Kh6 71. Qf8+ Kh7 72. Qf7+ Kh6 73.
Qf4+ g5 74. Qf8+ Kh7 75. Qf5+ Kh6 76. Qf6+ Kh7 1/2-1/2

[Event "24th ch-EUR Indiv 2024"]
[Site "Petrovac MNE"]
[Date "2024.11.09"]
[Round "2.11"]
[White "Deuer, Marius"]
[Black "Mamedov, Rauf"]
[Result "0-1"]
[WhiteTitle "IM"]
[BlackTitle "GM"]
[WhiteElo "2479"]
[BlackElo "2651"]
[WhiteFideId "16236432"]
[BlackFideId "13401653"]
[EventDate "2024.11.08"]

1. d4 Nf6 2. c4 g6 3. g3 c5 4. d5 Bg7 5. Nc3 d6 6. Bg2 O-O 7. Nf3 e6 8. O-O exd5
9. cxd5 Re8 10. Bf4 h6 11. Qc1 g5 12. Bd2 Bf5 13. h4 g4 14. Nh2 h5 15. Re1 Nbd7
16. Bg5 a6 17. a4 Bg6 18. Nf1 Qc7 19. Nd2 c4 20. a5 b5 21. axb6 Nxb6 22. Ra3
Nfd7 23. Qa1 Nc5 24. Rc1 Qd7 25. Bf1 Rab8 26. Qa2 Qb7 27. Ra5 Nxd5 28. Nxd5 Qxd5
29. Nxc4 Rb5 30. Bf4 Ne6 31. Rxb5 axb5 32. Bg2 Nxf4 33. Bxd5 Nxe2+ 34. Kg2 Nxc1
35. Qa6 bxc4 36. Qxd6 Kh7 37. Bxc4 Re4 38. Qc7 Re1 39. f3 gxf3+ 40. Kf2 Re5 41.
Kxf3 Nd3 42. Bxd3 Bxd3 43. b4 Bg6 44. Qd7 Rf5+ 45. Kg2 Bf8 46. b5 Bc5 47. g4
hxg4 48. h5 Rxh5 49. Qxg4 Bb6 50. Qd7 Rg5+ 51. Kf3 Re5 52. Kf4 Re4+ 53. Kf3 Rd4
54. Qh3+ Kg7 55. Qc8 Bh5+ 56. Kg2 Rg4+ 57. Kf1 Rg1# 0-1

[Event "24th ch-EUR Indiv 2024"]
[Site "Petrovac MNE"]
[Date "2024.11.09"]
[Round "2.12"]
[White "Pichot, Alan"]
[Black "Olsen, Filip Boe"]
[Result "1/2-1/2"]
[WhiteTitle "GM"]
[BlackTitle "IM"]
[WhiteElo "2649"]
[BlackElo "2470"]
[WhiteFideId "110973"]
[BlackFideId "1440640"]
[EventDate "2024.11.08"]

1. e4 e5 2. Nf3 Nf6 3. Nxe5 d6 4. Nf3 Nxe4 5. Bd3 d5 6. Qe2 Be7 7. Bxe4 dxe4 8.
Qxe4 O-O 9. O-O c5 10. d4 cxd4 11. Qxd4 Nc6 12. Qxd8 Rxd8 13. c3 Bg4 14. Nbd2 b5
15. Re1 a5 16. h3 Be6 17. Nb3 b4 18. Be3 bxc3 19. bxc3 a4 20. Nbd4 Nxd4 21. Nxd4
Bd5 22. c4 Bxc4 23. Nc6 Re8 24. Nxe7+ 1/2-1/2

[Event "24th ch-EUR Indiv 2024"]
[Site "Petrovac MNE"]
[Date "2024.11.09"]
[Round "2.13"]
[White "Feuerstack, Aljoscha"]
[Black "Sjugirov, Sanan"]
[Result "0-1"]
[WhiteTitle "IM"]
[BlackTitle "GM"]
[WhiteElo "2471"]
[BlackElo "2649"]
[WhiteFideId "4681932"]
[BlackFideId "4189302"]
[EventDate "2024.11.08"]

1. d4 d5 2. c4 e6 3. Nf3 Nf6 4. g3 Bb4+ 5. Bd2 a5 6. Bg2 O-O 7. Qc2 Be7 8. Bf4
c6 9. h4 Ne4 10. Ng5 f5 11. Nxe4 dxe4 12. e3 c5 13. dxc5 Nc6 14. Bd6 Nb4 15. Qe2
Nd3+ 16. Kf1 Bxd6 17. cxd6 Qxd6 18. Nd2 Qb4 19. Rb1 Rd8 20. a3 Qa4 21. Kg1 Qc2
22. Bf1 Ne5 0-1

[Event "24th ch-EUR Indiv 2024"]
[Site "Petrovac MNE"]
[Date "2024.11.09"]
[Round "2.14"]
[White "Grandelius, Nils"]
[Black "Stoyanov, Tsvetan"]
[Result "1-0"]
[WhiteTitle "GM"]
[BlackTitle "IM"]
[WhiteElo "2645"]
[BlackElo "2465"]
[WhiteFideId "1710400"]
[BlackFideId "2917173"]
[EventDate "2024.11.08"]

1. c4 e5 2. g3 Nf6 3. Bg2 d5 4. cxd5 Nxd5 5. Nf3 Nc6 6. O-O Nb6 7. b3 Be6 8. Bb2
f6 9. Nc3 Qd7 10. Qc1 Rd8 11. Rd1 Bb4 12. Ne4 Qe7 13. d4 exd4 14. Nxd4 Nxd4 15.
Rxd4 Rxd4 16. Bxd4 Ba3 17. Qc2 Bf5 18. Rd1 Bg6 19. b4 Qxb4 20. Qxc7 O-O 21. Bc5
Qb2 22. Bxf8 Bxf8 23. Nc3 Bf7 24. Rd8 Qb4 25. Bxb7 Bc4 26. Kg2 h5 27. Bf3 h4 28.
gxh4 Be6 29. Ne4 Nd5 30. Qd6 1-0

[Event "24th ch-EUR Indiv 2024"]
[Site "Petrovac MNE"]
[Date "2024.11.09"]
[Round "2.15"]
[White "Ilinca, Felix-Antonio"]
[Black "Kollars, Dmitrij"]
[Result "0-1"]
[WhiteTitle "IM"]
[BlackTitle "GM"]
[WhiteElo "2470"]
[BlackElo "2641"]
[WhiteFideId "54764998"]
[BlackFideId "12909572"]
[EventDate "2024.11.08"]

1. e4 e5 2. Nf3 Nc6 3. Bc4 Nf6 4. d3 Be7 5. O-O O-O 6. Re1 d6 7. a4 Na5 8. Ba2
c5 9. c3 Nc6 10. Na3 h6 11. h3 Be6 12. Bxe6 fxe6 13. Bd2 a6 14. b4 cxb4 15. cxb4
Qe8 16. b5 axb5 17. axb5 Nd4 18. Nxd4 exd4 19. Qb3 Qf7 20. Rf1 d5 21. exd5 Nxd5
22. Nc2 Rxa1 23. Nxa1 Ne3 24. Bxe3 dxe3 25. f4 e2 26. Re1 Bc5+ 27. Kh1 Qxf4 28.
Qxe6+ Kh8 29. Qxe2 Bd6 30. g4 Qg3 0-1

[Event "24th ch-EUR Indiv 2024"]
[Site "Petrovac MNE"]
[Date "2024.11.09"]
[Round "2.16"]
[White "Zanan, Evgeny"]
[Black "Sargissian, Gabriel"]
[Result "1/2-1/2"]
[WhiteTitle "GM"]
[BlackTitle "GM"]
[WhiteElo "2463"]
[BlackElo "2640"]
[WhiteFideId "24101940"]
[BlackFideId "13300881"]
[EventDate "2024.11.08"]

1. e4 e5 2. Nf3 Nc6 3. Nc3 Nf6 4. d4 exd4 5. Nxd4 Bb4 6. Nxc6 bxc6 7. Bd3 d5 8.
exd5 O-O 9. O-O cxd5 10. h3 c6 11. Qf3 Bd6 12. Re1 Rb8 13. b3 Be6 14. Bf4 Qc7
15. Ne2 Rfe8 16. Bxd6 Qxd6 17. Nf4 Bd7 18. Nh5 Nxh5 19. Qxh5 h6 20. c4 a5 21.
cxd5 cxd5 22. Rad1 Rxe1+ 23. Rxe1 Rc8 24. Qe5 Qxe5 25. Rxe5 Rc1+ 26. Kh2 Bc6 27.
Re7 Rc3 28. Rc7 Rxd3 29. Rxc6 Rd2 30. Rc5 Rxa2 31. Rxd5 Rxf2 32. Rxa5 Rb2 33.
Rb5 g5 34. h4 gxh4 35. Kh3 Kg7 36. Rb8 Kf6 37. Rb4 h5 38. Rf4+ Kg6 39. b4 Kg5
40. Rxf7 Rb1 41. Kh2 Rxb4 42. Rg7+ 1/2-1/2

[Event "24th ch-EUR Indiv 2024"]
[Site "Petrovac MNE"]
[Date "2024.11.09"]
[Round "2.17"]
[White "Korobov, Anton"]
[Black "Gharibyan, Mamikon"]
[Result "1-0"]
[WhiteTitle "GM"]
[BlackTitle "GM"]
[WhiteElo "2636"]
[BlackElo "2462"]
[WhiteFideId "14105730"]
[BlackFideId "13308300"]
[EventDate "2024.11.08"]

1. e4 e5 2. Nf3 Nc6 3. Bc4 Bc5 4. d3 Nf6 5. Nc3 d6 6. Na4 Bb6 7. c3 O-O 8. O-O
h6 9. Nxb6 axb6 10. h3 Ne7 11. Bb3 Ng6 12. Bc2 d5 13. d4 exd4 14. e5 Ne4 15.
Qxd4 Nc5 16. b4 Ne6 17. Qd3 Re8 18. Nd4 Ngf8 19. Nf5 Ng5 20. Ng3 c6 21. f4 Ne4
22. Nxe4 dxe4 23. Qxe4 f5 24. Bb3+ Kh7 25. Qc2 g6 26. Rd1 Qc7 27. Be3 Be6 28. c4
c5 29. Rd6 cxb4 30. Rxb6 Nd7 31. Rxb4 Nc5 32. Rd1 Red8 33. Rb5 Rxd1+ 34. Qxd1
Rd8 35. Qf3 Ne4 36. Bb6 Qd7 37. Bxd8 Qd4+ 38. Kh1 1-0

[Event "24th ch-EUR Indiv 2024"]
[Site "Petrovac MNE"]
[Date "2024.11.09"]
[Round "2.18"]
[White "Wadsworth, Matthew J"]
[Black "Rodshtein, Maxim"]
[Result "1/2-1/2"]
[WhiteTitle "IM"]
[BlackTitle "GM"]
[WhiteElo "2461"]
[BlackElo "2636"]
[WhiteFideId "415804"]
[BlackFideId "2806851"]
[EventDate "2024.11.08"]

1. d4 Nf6 2. c4 e6 3. Nc3 Bb4 4. e3 O-O 5. Bd3 d5 6. a3 Bxc3+ 7. bxc3 dxc4 8.
Bxc4 c5 9. Nf3 Qc7 10. Be2 Nc6 11. O-O Rd8 12. Bb2 e5 13. Qc2 Bg4 14. dxe5 Nxe5
15. Nxe5 Bxe2 16. Qxe2 Qxe5 17. c4 Qe6 18. Rfd1 Ne8 19. Rac1 Rd6 20. Rxd6 Nxd6
21. Qd3 Re8 22. a4 b6 23. a5 f6 24. h3 Rd8 25. axb6 axb6 26. f3 Nb7 27. Qe2 Na5
28. e4 h6 29. e5 fxe5 30. Qxe5 Qxe5 31. Bxe5 Rd3 32. Kf1 Re3 33. f4 Kf7 34. Bc7
Rb3 35. Ke2 g6 36. g4 Ke6 37. h4 Nc6 38. Rd1 Nd4+ 39. Kf2 h5 40. f5+ gxf5 41.
gxh5 f4 42. h6 Rb2+ 43. Kg1 Nf3+ 44. Kf1 Rh2 45. Bxb6 Nxh4 46. Bxc5 Nf5 47. Kg1
Rxh6 48. Kg2 1/2-1/2

[Event "24th ch-EUR Indiv 2024"]
[Site "Petrovac MNE"]
[Date "2024.11.09"]
[Round "2.19"]
[White "Gurel, Ediz"]
[Black "Babazada, Khazar"]
[Result "1/2-1/2"]
[WhiteTitle "GM"]
[BlackTitle "IM"]
[WhiteElo "2635"]
[BlackElo "2459"]
[WhiteFideId "44507356"]
[BlackFideId "13413554"]
[EventDate "2024.11.08"]

1. e4 c5 2. Nf3 e6 3. d4 cxd4 4. Nxd4 Nf6 5. Nc3 Nc6 6. Ndb5 Bb4 7. a3 Bxc3+ 8.
Nxc3 d5 9. Bd3 dxe4 10. Nxe4 Nxe4 11. Bxe4 Qxd1+ 12. Kxd1 Bd7 13. Be3 f5 14. Bd3
Kf7 15. f3 e5 16. Ke2 Be6 17. Rhe1 Rhd8 18. Rad1 Kf6 19. g3 Nd4+ 20. Kf2 Nxf3
21. Kxf3 e4+ 22. Bxe4 fxe4+ 23. Kxe4 Bf5+ 24. Kf3 Bxc2 25. Rxd8 Rxd8 26. Bxa7 g5
27. Bc5 Bd1+ 28. Kf2 Rd5 29. Bb4 Rf5+ 30. Kg1 Bf3 31. a4 Bc6 32. a5 h5 33. Rd1
Ke5 34. Rc1 Bb5 35. h3 Ke4 36. h4 gxh4 37. gxh4 Rf4 38. Be7 Rg4+ 39. Kf2 Rf4+
40. Kg2 Rg4+ 41. Kh2 Kf3 42. Rg1 1/2-1/2

[Event "24th ch-EUR Indiv 2024"]
[Site "Petrovac MNE"]
[Date "2024.11.09"]
[Round "2.20"]
[White "Willow, Jonah B"]
[Black "Cheparinov, Ivan"]
[Result "0-1"]
[WhiteTitle "IM"]
[BlackTitle "GM"]
[WhiteElo "2454"]
[BlackElo "2632"]
[WhiteFideId "438804"]
[BlackFideId "2905540"]
[EventDate "2024.11.08"]

1. e4 c5 2. Nf3 d6 3. d4 cxd4 4. Nxd4 Nf6 5. Nc3 a6 6. Qd3 Nbd7 7. Be2 b5 8. a4
Nc5 9. Qe3 b4 10. Nd5 Ncxe4 11. Nc6 Nxd5 12. Qxe4 Qc7 13. Nxb4 Nxb4 14. Qxb4 e6
15. Qc4 Qxc4 16. Bxc4 d5 17. Be2 Rb8 18. O-O Bd6 19. Rd1 Be5 20. Rb1 Bd7 21. b3
Bxa4 22. Bb2 Bxb2 23. bxa4 Ke7 24. Bxa6 Rb4 25. Bb5 Rc8 26. Rd2 Bc3 27. Rdd1 Bb2
28. Rd2 Bc3 29. Rdd1 Rxb1 30. Rxb1 Bd4 31. Rd1 e5 32. Rd2 Ke6 33. Kf1 Rc7 34.
Ke2 f5 35. Bd3 Bc3 36. Rd1 e4 37. Bb5 Be5 38. c4 dxc4 39. a5 c3 40. a6 Bf4 0-1